पर्यावरण संरक्षण विधि एवं न्यायिक सक्रियता / (Record no. 112020)
[ view plain ]
| 000 -LEADER | |
|---|---|
| fixed length control field | 01388nam a22002657a 4500 |
| 005 - DATE AND TIME OF LATEST TRANSACTION | |
| control field | 20170124102932.0 |
| 010 ## - LIBRARY OF CONGRESS CONTROL NUMBER | |
| LC control number | B-070831 |
| 020 ## - INTERNATIONAL STANDARD BOOK NUMBER | |
| Terms of availability | 400.00 |
| International Standard Book Number | 8170543436 |
| 035 ## - SYSTEM CONTROL NUMBER | |
| System control number | B-070831 |
| 037 ## - SOURCE OF ACQUISITION | |
| Source of stock number/acquisition | Cen Lib/Ret |
| 040 ## - CATALOGING SOURCE | |
| Original cataloging agency | DPL |
| Language of cataloging | HN |
| 082 ## - DEWEY DECIMAL CLASSIFICATION NUMBER | |
| Classification number | 344.54046 |
| Item number | जुमना |
| 100 ## - MAIN ENTRY--PERSONAL NAME | |
| Personal name | जुमनानी, राजेन्द्र कुमार |
| 9 (RLIN) | 42777 |
| 245 ## - TITLE STATEMENT | |
| Title | पर्यावरण संरक्षण विधि एवं न्यायिक सक्रियता / |
| Statement of responsibility, etc | राजेन्द्र कुमार जुमनानी |
| 246 ## - VARYING FORM OF TITLE | |
| Title proper/short title | Paryavarn sanrakshan vidhi ewam nyayik sakriyeta / |
| Remainder of title | by Rajendra Kumar Jumnani |
| 260 ## - PUBLICATION, DISTRIBUTION, ETC. (IMPRINT) | |
| Name of publisher, distributor, etc | क्लासिकल पब्लिशिंग कम्पनी |
| Place of publication, distribution, etc | नई दिल्ली |
| Date of publication, distribution, etc | 2002 |
| 270 ## - ADDRESS | |
| Address | 28, शॉपिंग काम्प्लेक्स, कर्मपुरा |
| City | नई दिल्ली |
| Postal code | 110015 |
| 300 ## - PHYSICAL DESCRIPTION | |
| Extent | xviii,212पृ. |
| Dimensions | 21सेमी (सजिल्द) |
| 500 ## - GENERAL NOTE | |
| General note | संदर्भ शामिल |
| 650 ## - SUBJECT ADDED ENTRY--TOPICAL TERM | |
| Topical term or geographic name as entry element | पर्यावरण संरक्षण -- स्वरुप |
| 9 (RLIN) | 309 |
| 650 ## - SUBJECT ADDED ENTRY--TOPICAL TERM | |
| Topical term or geographic name as entry element | पर्यावरण संरक्षण विधि |
| 9 (RLIN) | 45510 |
| 650 ## - SUBJECT ADDED ENTRY--TOPICAL TERM | |
| Topical term or geographic name as entry element | Environmental Protection - form |
| 9 (RLIN) | 45511 |
| 650 ## - SUBJECT ADDED ENTRY--TOPICAL TERM | |
| Topical term or geographic name as entry element | Environmental Protection Law |
| 9 (RLIN) | 45512 |
| 942 ## - ADDED ENTRY ELEMENTS (KOHA) | |
| Source of classification or shelving scheme | Dewey Decimal Classification |
| Koha item type | Hindi Books |
| Classification part | 344.54046 |
| Call number suffix | जुमना |
| Withdrawn status | Lost status | Damaged status | Not for loan | Home library | Current library | Date acquired | Source of acquisition | Cost, normal purchase price | Total Checkouts | Total Renewals | Full call number | Barcode | Date last seen | Date checked out | Copy number | Cost, replacement price | Price effective from | Koha item type |
|---|---|---|---|---|---|---|---|---|---|---|---|---|---|---|---|---|---|---|
| Central Library | Central Library | 06/08/2015 | Cen Lib/Ret | 400.00 | 3 | 2 | 344.54046 जुमना | B-070831 | 05/09/2019 | 29/08/2019 | 1 | 400.00 | 06/08/2015 | Hindi Books |
